000 00482nam a22001937a 4500
003 MPLRDC
005 20220104155813.0
008 210129b ||||| |||| 00| 0 eng d
020 _a7-5342-2290-7
082 _a785.28 GATE-2
100 _a管家琪
245 _a盖茨- 电脑奇才
_c
250 _a初版
260 _a
_b浙江少年儿童出版社
_c2001
300 _b
490 _a管家名人成功系列
650 _a美国传记
942 _cBK
_o785.28 GATE-2
999 _c54674
_d54664